Investment Analysis and Portfolio Management (Record no. 1810)

MARC details
000 -LEADER
fixed length control field 00439nam a22001697a 4500
005 - DATE AND TIME OF LATEST TRANSACTION
control field 20180312152300.0
008 - FIXED-LENGTH DATA ELEMENTS--GENERAL INFORMATION
fixed length control field 160526b xxu||||| |||| 00| 0 eng d
020 ## - INTERNATIONAL STANDARD BOOK NUMBER
ISBN 0-07-078322-1
041 ## - LANGUAGE CODE
Language code of text/sound track or separate title eng
082 ## - DEWEY DECIMAL CLASSIFICATION NUMBER
Item number 5181
Classification number 332.6
100 ## - MAIN ENTRY--AUTHOR NAME
Personal name Chandra, Prasanna
245 ## - TITLE STATEMENT
Title Investment Analysis and Portfolio Management
260 ## - PUBLICATION, DISTRIBUTION, ETC. (IMPRINT)
Place of publication New Delhi
Name of publisher Academic Faundation
Year of publication 2005
300 ## - PHYSICAL DESCRIPTION
Number of Pages 597
650 ## - SUBJECT ADDED ENTRY--TOPICAL TERM
Topical Term Management
942 ## - ADDED ENTRY ELEMENTS (KOHA)
Koha item type Books
Holdings
Lost status Damaged status Collection code Home library Current library Shelving location Date acquired Cost, normal purchase price Full call number Accession Number Koha item type
    MANAGEMENT JRU Library JRU Library SHELF-59-C 26/05/2016 295.00 332.6 5181 Books